00441nam a2200097Ia 45000010005000000080041000050820024000461000053000702450178001232600042003014272241024s9999 xx 000 0 und d aRD/342.97293/SE474c aRepública Dominicana. Senado de la República 0aConstitución dela República Dominicana. Proclamada el 26 de enero del 2010 por la Asamblea Nacional d la República Dominicana. publicada en la Gaceta oficial No. 10561 bEd. Servicios gráficos segurac2013